| 000 | 01338nam0a22002651 4500 | ||
|---|---|---|---|
| 001 | rc\4313521 | ||
| 005 | 20260408084018.0 | ||
| 021 |
_aRU _b[59-19892] |
||
| 035 | _a(NLR Aleph) 008509618 | ||
| 090 |
_a8160844 _c8160844 |
||
| 100 | _a20130416d1959 |||y0rusy50 ca | ||
| 101 | 0 | _arus | |
| 102 | _aRU | ||
| 105 | _ay z ||||| | ||
| 200 | 1 |
_aАгротехнические требования по садоводству в колхозах и совхозах Ленинградской области на 1959 год _fЛенингр. обл. упр. сел. хозяйства. Ленингр. опыт. станция по садоводству науч.-исслед. ин-та садоводства им. И.В. Мичурина |
|
| 210 |
_aЛенинград _cЛениздат _d1959 |
||
| 215 |
_a78 с. _d13 |
||
| 606 |
_aЯгодные культуры _xВозделывание _yЛенинградская область _2psbo |
||
| 606 |
_aПлодовые культуры _xВозделывание _yЛенинградская область _2psbo |
||
| 712 | 0 | 2 |
_aЛенинградское областное управление сельского хозяйства _3RU\NLR\AUTH\8810178852 _9853803 |
| 801 | 0 |
_aRU _bNLR _gpsbo |
|
| 801 | 1 |
_aRU _bELAR _2rusmarc |
|
| 852 |
_aNLR _j59-1/311 |
||
| 942 | _cBOOK | ||
| 980 | _aNB | ||